[Event "SLO-chT2 West"]
[Site "Kranj"]
[Date "2008.10.12"]
[Round "4.4"]
[White "Robba, Martin"]
[Black "Kralj, Samo"]
[Result "0-1"]
[WhiteElo "1500"]
[BlackElo "1638"]
[PlyCount "104"]
[EventDate "2008.10.11"]
[EventType "team-swiss"]
[EventRounds "9"]
[EventCountry "SLO"]
[SourceTitle "EXT 2010"]
[Source "ChessBase"]
[SourceDate "2010.11.25"]
[SourceVersion "1"]
[SourceVersionDate "2010.11.25"]
[SourceQuality "1"]
[WhiteTeam "Kranj Tomo Zupan"]
[BlackTeam "Komenda Popotnik"]
[WhiteTeamCountry "SLO"]
[BlackTeamCountry "SLO"]

1. e4 e5 2. Nf3 Nc6 3. Bb5 a6 4. Bxc6 dxc6 5. Nc3 Bd6 6. d4 exd4 7. Qxd4 f6 8. 0-0 Bg4 9. Qe3 Bxf3 10. Qxf3 Qe7 11. Bf4 Bxf4 12. Qxf4 0-0-0 13. Rfd1 Nh6 14. Re1 g5 15. Qf3 Nf7 16. Qf5+ Kb8 17. a4 Nd6 18. Qa5 Nc4 19. Qf5 Rd2 20. b3 Nd6 21. Qf3 Nf7 22. Rac1 Ne5 23. Qe3 Qd6 24. Red1 Rd8 25. Rxd2 Qxd2 26. Qxd2 Rxd2 27. f3 g4 28. Nb1 Rd4 29. c3 Rd7 30. Rf1 gxf3 31. gxf3 Rg7+ 32. Kh1 Nd3 33. h4 Nf4 34. Rg1 Rd7 35. Rg8+ Ka7 36. Kh2 Rd1 37. Na3 Rd2+ 38. Kh1 Rd3 39. Rg7 Rxc3 40. Rxh7 Rxb3 41. Nc4 Rxf3 42. Rxc7 Ne6 43. Rf7 Rh3+ 44. Kg2 Rxh4 45. Nd2 Ng5 46. Re7 Rh8 47. e5 fxe5 48. Rxe5 Rg8 49. Kf2 Nf7 50. Re7 Nd6 51. a5 Rf8+ 52. Kg3 Nf5+ 0-1